Nghiên cứu chiết tách và xác định thành phần hóa học của tinh dầu trong cây diếp cá ở thành phố Đà Nẵng
Tổng quan về tinh dầu. Các phương pháp chiết tách hợp chất thiên nhiên. Khái quát về bộ Piperales... Nguyên liệu và phương pháp nghiên cứu. Kết quả và bàn luận.
Enregistré dans:
| Auteur principal: | |
|---|---|
| Autres auteurs: | |
| Format: | Livre |
| Langue: | Vietnamese |
| Publié: |
Đà Nẵng
Đại học Sư phạm
2009
|
| Sujets: | |
| Tags: |
Ajouter un tag
Pas de tags, Soyez le premier à ajouter un tag!
|
| Thư viện lưu trữ: | Mạng thư viện Đại học Đà Nẵng |
|---|
| LEADER | 01511nam a2200349 4500 | ||
|---|---|---|---|
| 001 | 000012414 | ||
| 003 | 8710 | ||
| 005 | 20120220100256.0 | ||
| 008 | 120220s2009 viesd | ||
| 041 | |a vie | ||
| 072 | |a Khóa luận tốt nghiệp | ||
| 082 | |a 664.804022 |b VU-H | ||
| 100 | |a Vũ, Thị Thanh Huyền |e Tác giả | ||
| 245 | |a Nghiên cứu chiết tách và xác định thành phần hóa học của tinh dầu trong cây diếp cá ở thành phố Đà Nẵng |c Vũ Thị Thanh Huyền | ||
| 260 | |a Đà Nẵng |b Đại học Sư phạm |c 2009 | ||
| 300 | |a 62 tr. |b Hình ảnh |c 29 cm | ||
| 500 | |a Khóa luận tốt nghiệp khoa Hóa. Lớp 05 HH | ||
| 520 | |a Tổng quan về tinh dầu. Các phương pháp chiết tách hợp chất thiên nhiên. Khái quát về bộ Piperales... Nguyên liệu và phương pháp nghiên cứu. Kết quả và bàn luận. | ||
| 653 | |a Tinh dầu | ||
| 653 | |a Cây diếp cá | ||
| 653 | |a Đà Nẵng | ||
| 700 | |a Võ Kim Thành |c Th.S |e Hướng dẫn | ||
| OWN | |a LSP | ||
| AVA | |a UDN50 |b LSP |d 664.804022 VU-H |e available |t Error 5001 Not defined in file expand_doc_bib_avail. |f 1 |g 0 |h N |i 0 |k 1 | ||
| 999 | |a From the UDN01 | ||
| AVA | |a UDN50 |b LSP |d 664.804022 VU-H |e available |t Error 5001 Not defined in file expand_doc_bib_avail. |f 1 |g 0 |h N |i 0 |k 1 | ||
| TYP | |a Monograph | ||
| TYP | |a Printed language | ||
| 980 | |a Mạng thư viện Đại học Đà Nẵng | ||